Sustainable development (Record no. 104315)
[ view plain ]
| 000 -LEADER | |
|---|---|
| fixed length control field | 00932cam a2200241 4500 |
| 001 - CONTROL NUMBER | |
| control field | ##L129958 |
| 008 - FIXED-LENGTH DATA ELEMENTS--GENERAL INFORMATION | |
| fixed length control field | 050609n1991 000 0 eng u |
| 020 ## - INTERNATIONAL STANDARD BOOK NUMBER | |
| International Standard Book Number | 9519620338 |
| 035 ## - SYSTEM CONTROL NUMBER | |
| System control number | (Sirsi) u129958 |
| 041 0# - LANGUAGE CODE | |
| Language code of text/sound track or separate title | eng |
| 050 04 - LIBRARY OF CONGRESS CALL NUMBER | |
| Classification number | 333.72 $2 18 |
| 110 2# - MAIN ENTRY--CORPORATE NAME | |
| Corporate name or jurisdiction name as entry element | Federation International Des Geometres |
| 240 00 - UNIFORM TITLE | |
| Uniform title | FIG statement on environmental issues |
| 245 00 - TITLE STATEMENT | |
| Title | Sustainable development |
| Remainder of title | a challenge and a responsibility for surveyors |
| 260 ## - PUBLICATION, DISTRIBUTION, ETC. | |
| Place of publication, distribution, etc. | Helsinki |
| Name of publisher, distributor, etc. | FIG |
| Date of publication, distribution, etc. | 1991 |
| 300 ## - PHYSICAL DESCRIPTION | |
| Extent | 21p. |
| Other physical details | ill. |
| Dimensions | 21cm. |
| 490 #0 - SERIES STATEMENT | |
| Series statement | FIG Publication |
| Volume/sequential designation | (3) |
| 520 ## - SUMMARY, ETC. | |
| Summary, etc. | Statement setting out the importance of the surveying profession's global responsibility in promoting sustainable development |
| 651 #4 - SUBJECT ADDED ENTRY--GEOGRAPHIC NAME | |
| Geographic name | International |
| 690 ## - LOCAL SUBJECT ADDED ENTRY--TOPICAL TERM (OCLC, RLIN) | |
| Topical term or geographic name as entry element | ENVIRONMENTAL AND LAND CONSULTANCY-SUSTAINABILITY-SUSTAINABLE DEVELOPMENT |
| 856 41 - ELECTRONIC LOCATION AND ACCESS | |
| Uniform Resource Identifier | <a href="https://www.fig.net/pub/figpub/pubindex.htm">https://www.fig.net/pub/figpub/pubindex.htm</a> |
| Public note | View the item free of charge at www.fig.net... |
| 942 ## - ADDED ENTRY ELEMENTS (KOHA) | |
| Suppress in OPAC | 0 |
| Withdrawn status | Lost status | Source of classification or shelving scheme | Damaged status | Not for loan | Home library | Current library | Shelving location | Date acquired | Total Checkouts | Full call number | Barcode | Date last seen | Copy number | Price effective from | Koha item type |
|---|---|---|---|---|---|---|---|---|---|---|---|---|---|---|---|
| Dewey Decimal Classification | London | London | Basement | 09/06/2005 | BASEMENT | 30037439 | 06/08/2019 | 1 | 06/08/2019 | Book |